000 00330nam a22001457a 4500
003 SGT
020 _a9788173154791
082 _a923.154
100 _aGHATATE, NA. MA.
245 _aGATHBANDHAN KI RAJNITI
260 _aINDIA
_bPARBHAT PARKASHAN
_c2001
300 _a435
650 _aPRIME MINISTER OF INDIA
942 _2ddc
_cBK
999 _c25976
_d25976